[Event "DVM U10 2023"]
[Site "Magdeburg GER"]
[Date "2023.12.28"]
[Round "4"]
[White "Luible, Sebastian"]
[Black "Botvinnik, Julius"]
[Result "0-1"]
[Termination "normal"]
[Board "8.1"]
[WhiteElo "1128"]
[BlackElo "1516"]
[WhiteClock "00:30:43"]
[BlackClock "00:32:37"]
[WhiteTeam "SF Tegernheim"]
[BlackTeam "Düsseldorfer SK 14/25"]
[PlyCount "112"]
[BlackFideId "34612149"]
[EventCountry "GER"]
[EventRounds "7"]
[EventType "team-swiss"]
[EventDate "2023.12.27"]

1. e4 {[%clk 00:55:08]} {[%emt 00:00:01]} e5 {[%clk 00:54:54]} {[%emt
00:00:16]} 2. Nf3 {[%clk 00:55:05]} {[%emt 00:00:08]} Nc6 {[%clk 00:54:51]}
{[%emt 00:00:09]} 3. Bc4 {[%clk 00:55:03]} {[%emt 00:00:07]} Bc5 {[%clk
00:54:49]} {[%emt 00:00:06]} 4. c3 {[%clk 00:54:54]} {[%emt 00:00:14]} Nf6
{[%clk 00:54:46]} {[%emt 00:00:07]} 5. d4 {[%clk 00:54:49]} {[%emt 00:00:11]}
exd4 {[%clk 00:54:44]} {[%emt 00:00:07]} 6. cxd4 {[%clk 00:54:46]} {[%emt
00:00:09]} Bb4+ {[%clk 00:54:38]} {[%emt 00:00:11]} 7. Nc3 {[%clk 00:54:44]}
{[%emt 00:00:07]} Nxe4 {[%clk 00:54:27]} {[%emt 00:00:16]} 8. O-O {[%clk
00:54:40]} {[%emt 00:00:09]} Bxc3 {[%clk 00:54:28]} {[%emt 00:00:04]} 9. d5
{[%clk 00:54:30]} {[%emt 00:00:14]} Ne5 {[%clk 00:54:18]} {[%emt 00:00:15]} 10.
bxc3 {[%clk 00:53:51]} {[%emt 00:00:44]} Nxc4 {[%clk 00:54:01]} {[%emt
00:00:23]} 11. Qd4 {[%clk 00:53:43]} {[%emt 00:00:13]} O-O {[%clk 00:54:03]}
{[%emt 00:00:03]} 12. Qxe4 {[%clk 00:53:28]} {[%emt 00:00:19]} Nd6 {[%clk
00:53:16]} {[%emt 00:00:52]} 13. Qg4 {[%clk 00:52:31]} {[%emt 00:01:02]} Re8
{[%clk 00:49:33]} {[%emt 00:03:48]} 14. c4 {[%clk 00:48:36]} {[%emt 00:04:00]}
Re4 {[%clk 00:49:00]} {[%emt 00:00:38]} 15. Qg5 {[%clk 00:47:49]} {[%emt
00:00:52]} Qxg5 {[%clk 00:47:40]} {[%emt 00:01:24]} 16. Bxg5 {[%clk 00:47:30]}
{[%emt 00:00:26]} Rxc4 {[%clk 00:47:00]} {[%emt 00:00:42]} 17. Rfe1 {[%clk
00:46:53]} {[%emt 00:00:44]} f6 {[%clk 00:46:55]} {[%emt 00:00:11]} 18. Be3
{[%clk 00:46:44]} {[%emt 00:00:14]} c6 {[%clk 00:46:33]} {[%emt 00:00:27]} 19.
Rad1 {[%clk 00:45:19]} {[%emt 00:01:28]} Nf5 {[%clk 00:44:22]} {[%emt
00:02:17]} 20. Nd4 {[%clk 00:43:54]} {[%emt 00:01:30]} Nxd4 {[%clk 00:43:18]}
{[%emt 00:01:09]} 21. Bxd4 {[%clk 00:42:06]} {[%emt 00:01:54]} c5 {[%clk
00:42:40]} {[%emt 00:00:42]} 22. Bb2 {[%clk 00:41:25]} {[%emt 00:00:46]} Kf7
{[%clk 00:42:02]} {[%emt 00:00:43]} 23. d6 {[%clk 00:40:52]} {[%emt 00:00:37]}
b5 {[%clk 00:40:58]} {[%emt 00:01:10]} 24. a3 {[%clk 00:40:31]} {[%emt
00:00:27]} a5 {[%clk 00:40:23]} {[%emt 00:00:40]} 25. Rd3 {[%clk 00:40:09]}
{[%emt 00:00:24]} Rc2 {[%clk 00:39:46]} {[%emt 00:00:45]} 26. Bc3 {[%clk
00:39:11]} {[%emt 00:01:03]} b4 {[%clk 00:38:06]} {[%emt 00:01:45]} 27. axb4
{[%clk 00:38:52]} {[%emt 00:00:24]} axb4 {[%clk 00:37:39]} {[%emt 00:00:31]}
28. Bd2 {[%clk 00:38:38]} {[%emt 00:00:19]} c4 {[%clk 00:37:12]} {[%emt
00:00:32]} 29. Rd4 {[%clk 00:38:08]} {[%emt 00:00:35]} c3 {[%clk 00:36:41]}
{[%emt 00:00:36]} 30. Bxc3 {[%clk 00:37:03]} {[%emt 00:01:10]} bxc3 {[%clk
00:36:34]} {[%emt 00:00:12]} 31. Rde4 {[%clk 00:37:04]} {[%emt 00:00:05]} Rca2
{[%clk 00:35:55]} {[%emt 00:00:43]} 32. R1e3 {[%clk 00:36:22]} {[%emt
00:00:47]} Ra1+ {[%clk 00:34:58]} {[%emt 00:01:02]} 33. Re1 {[%clk 00:36:19]}
{[%emt 00:00:08]} c2 {[%clk 00:34:51]} {[%emt 00:00:12]} 34. h3 {[%clk
00:35:39]} {[%emt 00:00:45]} c1=Q {[%clk 00:34:41]} {[%emt 00:00:15]} 35. Re7+
{[%clk 00:35:21]} {[%emt 00:00:24]} Kg6 {[%clk 00:34:37]} {[%emt 00:00:08]} 36.
Rxc1 {[%clk 00:34:30]} {[%emt 00:00:57]} Rxc1+ {[%clk 00:34:36]} {[%emt
00:00:06]} 37. Kh2 {[%clk 00:34:22]} {[%emt 00:00:12]} Rd1 {[%clk 00:34:26]}
{[%emt 00:00:15]} 38. Re3 {[%clk 00:34:12]} {[%emt 00:00:13]} Rxd6 {[%clk
00:34:24]} {[%emt 00:00:09]} 39. Rg3+ {[%clk 00:34:12]} {[%emt 00:00:05]} Kf7
{[%clk 00:34:18]} {[%emt 00:00:11]} 40. Rc3 {[%clk 00:34:03]} {[%emt 00:00:14]}
Rc6 {[%clk 00:34:10]} {[%emt 00:00:13]} 41. Re3 {[%clk 00:33:37]} {[%emt
00:00:32]} Ra5 {[%clk 00:33:55]} {[%emt 00:00:19]} 42. Re2 {[%clk 00:33:13]}
{[%emt 00:00:28]} Re5 {[%clk 00:33:53]} {[%emt 00:00:08]} 43. Ra2 {[%clk
00:32:51]} {[%emt 00:00:28]} Bb7 {[%clk 00:33:33]} {[%emt 00:00:25]} 44. Ra7
{[%clk 00:32:28]} {[%emt 00:00:28]} Rb6 {[%clk 00:33:31]} {[%emt 00:00:07]} 45.
Ra3 {[%clk 00:32:24]} {[%emt 00:00:08]} Rg5 {[%clk 00:33:26]} {[%emt 00:00:10]}
46. Rg3 {[%clk 00:32:14]} {[%emt 00:00:15]} Rxg3 {[%clk 00:33:23]} {[%emt
00:00:09]} 47. Kxg3 {[%clk 00:32:07]} {[%emt 00:00:12]} d5 {[%clk 00:33:19]}
{[%emt 00:00:09]} 48. Kh2 {[%clk 00:32:07]} {[%emt 00:00:04]} d4 {[%clk
00:33:19]} {[%emt 00:00:06]} 49. Kg3 {[%clk 00:31:50]} {[%emt 00:00:21]} d3
{[%clk 00:33:20]} {[%emt 00:00:04]} 50. Kh2 {[%clk 00:31:54]} {[%emt 00:00:09]}
d2 {[%clk 00:33:18]} {[%emt 00:00:09]} 51. Kg3 {[%clk 00:31:56]} {[%emt
00:00:03]} d1=Q {[%clk 00:33:11]} {[%emt 00:00:12]} 52. Kh2 {[%clk 00:31:59]}
{[%emt 00:00:02]} Rb1 {[%clk 00:32:56]} {[%emt 00:00:20]} 53. Kg3 {[%clk
00:31:51]} {[%emt 00:00:13]} Bxg2 {[%clk 00:32:48]} {[%emt 00:00:13]} 54. Kxg2
{[%clk 00:31:03]} {[%emt 00:00:52]} Qh1+ {[%clk 00:32:39]} {[%emt 00:00:15]}
55. Kg3 {[%clk 00:31:00]} {[%emt 00:00:09]} Rb3+ {[%clk 00:32:37]} {[%emt
00:00:06]} 56. Kf4 {[%clk 00:30:43]} {[%emt 00:00:22]} Qf3# {[%emt 00:00:09]}
0-1

[Event "DVM U10 2023"]
[Site "Magdeburg GER"]
[Date "2023.12.28"]
[Round "4"]
[White "Giganov, Zakhar"]
[Black "Klaus, Simon"]
[Result "0-1"]
[Termination "normal"]
[Board "8.2"]
[WhiteElo "973"]
[BlackElo "1044"]
[WhiteClock "00:22:33"]
[BlackClock "00:25:39"]
[WhiteTeam "Düsseldorfer SK 14/25"]
[BlackTeam "SF Tegernheim"]
[PlyCount "134"]
[WhiteFideId "34676511"]
[EventCountry "GER"]
[EventRounds "7"]
[EventType "team-swiss"]
[EventDate "2023.12.27"]

1. e4 {[%clk 00:55:06]} {[%emt 00:00:03]} d5 {[%clk 00:55:07]} {[%emt
00:00:04]} 2. exd5 {[%clk 00:55:04]} {[%emt 00:00:07]} Qxd5 {[%clk 00:55:08]}
{[%emt 00:00:05]} 3. Nc3 {[%clk 00:54:55]} {[%emt 00:00:12]} Qa5 {[%clk
00:55:08]} {[%emt 00:00:06]} 4. Nf3 {[%clk 00:54:49]} {[%emt 00:00:11]} Nf6
{[%clk 00:55:05]} {[%emt 00:00:07]} 5. d4 {[%clk 00:54:45]} {[%emt 00:00:09]}
Bg4 {[%clk 00:55:02]} {[%emt 00:00:09]} 6. Be3 {[%clk 00:54:34]} {[%emt
00:00:16]} e6 {[%clk 00:54:53]} {[%emt 00:00:14]} 7. Be2 {[%clk 00:54:11]}
{[%emt 00:00:27]} Nbd7 {[%clk 00:54:46]} {[%emt 00:00:12]} 8. O-O {[%clk
00:53:49]} {[%emt 00:00:27]} c6 {[%clk 00:54:45]} {[%emt 00:00:07]} 9. h3
{[%clk 00:53:45]} {[%emt 00:00:09]} Bxf3 {[%clk 00:54:42]} {[%emt 00:00:09]}
10. Bxf3 {[%clk 00:53:41]} {[%emt 00:00:08]} Bd6 {[%clk 00:54:39]} {[%emt
00:00:09]} 11. Qd2 {[%clk 00:52:07]} {[%emt 00:01:38]} h6 {[%clk 00:54:09]}
{[%emt 00:00:34]} 12. Rfd1 {[%clk 00:51:55]} {[%emt 00:00:17]} g5 {[%clk
00:53:49]} {[%emt 00:00:26]} 13. Ne2 {[%clk 00:51:34]} {[%emt 00:00:26]} Qxd2
{[%clk 00:53:15]} {[%emt 00:00:39]} 14. Rxd2 {[%clk 00:51:19]} {[%emt
00:00:19]} O-O-O {[%clk 00:53:15]} {[%emt 00:00:06]} 15. c4 {[%clk 00:50:56]}
{[%emt 00:00:28]} Rdg8 {[%clk 00:52:43]} {[%emt 00:00:36]} 16. g4 {[%clk
00:50:26]} {[%emt 00:00:36]} h5 {[%clk 00:52:19]} {[%emt 00:00:28]} 17. Ng3
{[%clk 00:50:05]} {[%emt 00:00:27]} hxg4 {[%clk 00:51:14]} {[%emt 00:01:10]}
18. hxg4 {[%clk 00:49:57]} {[%emt 00:00:12]} Bxg3 {[%clk 00:51:09]} {[%emt
00:00:10]} 19. fxg3 {[%clk 00:49:50]} {[%emt 00:00:12]} Rh3 {[%clk 00:51:04]}
{[%emt 00:00:10]} 20. Kg2 {[%clk 00:49:37]} {[%emt 00:00:18]} Rgh8 {[%clk
00:49:29]} {[%emt 00:01:40]} 21. Bxg5 {[%clk 00:48:30]} {[%emt 00:01:12]} Ne8
{[%clk 00:47:01]} {[%emt 00:02:34]} 22. Bh4 {[%clk 00:47:53]} {[%emt 00:00:41]}
R3xh4 {[%clk 00:46:02]} {[%emt 00:01:05]} 23. gxh4 {[%clk 00:47:43]} {[%emt
00:00:14]} Rxh4 {[%clk 00:46:02]} {[%emt 00:00:05]} 24. Rh1 {[%clk 00:47:11]}
{[%emt 00:00:37]} Rxh1 {[%clk 00:45:43]} {[%emt 00:00:25]} 25. Kxh1 {[%clk
00:47:10]} {[%emt 00:00:06]} e5 {[%clk 00:45:41]} {[%emt 00:00:08]} 26. d5
{[%clk 00:46:54]} {[%emt 00:00:20]} Nef6 {[%clk 00:45:05]} {[%emt 00:00:40]}
27. dxc6 {[%clk 00:46:26]} {[%emt 00:00:33]} bxc6 {[%clk 00:45:04]} {[%emt
00:00:06]} 28. Re2 {[%clk 00:46:13]} {[%emt 00:00:19]} Kc7 {[%clk 00:44:48]}
{[%emt 00:00:22]} 29. c5 {[%clk 00:45:35]} {[%emt 00:00:42]} Nxc5 {[%clk
00:44:02]} {[%emt 00:00:50]} 30. Rxe5 {[%clk 00:45:14]} {[%emt 00:00:26]} Kd6
{[%clk 00:43:40]} {[%emt 00:00:28]} 31. Re2 {[%clk 00:44:24]} {[%emt 00:00:55]}
Nh7 {[%clk 00:42:15]} {[%emt 00:01:28]} 32. Kg2 {[%clk 00:44:06]} {[%emt
00:00:24]} Ne6 {[%clk 00:42:11]} {[%emt 00:00:10]} 33. Rc2 {[%clk 00:43:07]}
{[%emt 00:01:04]} c5 {[%clk 00:41:12]} {[%emt 00:01:04]} 34. Kf2 {[%clk
00:42:48]} {[%emt 00:00:24]} Nhg5 {[%clk 00:39:52]} {[%emt 00:01:25]} 35. Ke3
{[%clk 00:41:45]} {[%emt 00:01:08]} Nxf3 {[%clk 00:39:37]} {[%emt 00:00:20]}
36. Rc1 {[%clk 00:40:52]} {[%emt 00:00:58]} Ne5 {[%clk 00:37:38]} {[%emt
00:02:04]} 37. Rd1+ {[%clk 00:40:08]} {[%emt 00:00:49]} Kc6 {[%clk 00:37:22]}
{[%emt 00:00:21]} 38. Rg1 {[%clk 00:39:58]} {[%emt 00:00:14]} Nc4+ {[%clk
00:37:11]} {[%emt 00:00:17]} 39. Ke4 {[%clk 00:39:24]} {[%emt 00:00:36]} Nxb2
{[%clk 00:36:42]} {[%emt 00:00:37]} 40. g5 {[%clk 00:39:07]} {[%emt 00:00:22]}
Nc4 {[%clk 00:35:25]} {[%emt 00:01:22]} 41. g6 {[%clk 00:38:57]} {[%emt
00:00:14]} fxg6 {[%clk 00:31:05]} {[%emt 00:04:26]} 42. Rxg6 {[%clk 00:38:50]}
{[%emt 00:00:12]} Kd6 {[%clk 00:31:04]} {[%emt 00:00:06]} 43. Kf5 {[%clk
00:38:13]} {[%emt 00:00:42]} Ne3+ {[%clk 00:30:46]} {[%emt 00:00:23]} 44. Ke4
{[%clk 00:37:55]} {[%emt 00:00:20]} Nc2 {[%clk 00:30:14]} {[%emt 00:00:40]} 45.
Kf5 {[%clk 00:36:58]} {[%emt 00:01:02]} Ncd4+ {[%clk 00:30:04]} {[%emt
00:00:15]} 46. Kf6 {[%clk 00:36:38]} {[%emt 00:00:24]} Kd5 {[%clk 00:28:48]}
{[%emt 00:01:22]} 47. Ke7 {[%clk 00:35:52]} {[%emt 00:00:46]} c4 {[%clk
00:28:11]} {[%emt 00:00:47]} 48. Rg1 {[%clk 00:35:15]} {[%emt 00:00:42]} c3
{[%clk 00:27:55]} {[%emt 00:00:22]} 49. Rc1 {[%clk 00:34:40]} {[%emt 00:00:39]}
c2 {[%clk 00:27:46]} {[%emt 00:00:14]} 50. Kf7 {[%clk 00:34:25]} {[%emt
00:00:18]} Nc5 {[%clk 00:27:49]} {[%emt 00:00:04]} 51. Ke7 {[%clk 00:33:54]}
{[%emt 00:00:36]} Nd3 {[%clk 00:26:58]} {[%emt 00:00:56]} 52. Rxc2 {[%clk
00:33:52]} {[%emt 00:00:06]} Nxc2 {[%clk 00:26:49]} {[%emt 00:00:14]} 53. Kd7
{[%clk 00:33:46]} {[%emt 00:00:12]} a5 {[%clk 00:26:47]} {[%emt 00:00:08]} 54.
Kc7 {[%clk 00:28:28]} {[%emt 00:05:22]} Kc5 {[%clk 00:26:33]} {[%emt 00:00:19]}
55. Kb7 {[%clk 00:27:44]} {[%emt 00:00:50]} Kb5 {[%clk 00:26:30]} {[%emt
00:00:08]} 56. Ka7 {[%clk 00:27:26]} {[%emt 00:00:22]} a4 {[%clk 00:26:26]}
{[%emt 00:00:08]} 57. Kb7 {[%clk 00:27:20]} {[%emt 00:00:11]} a3 {[%clk
00:26:27]} {[%emt 00:00:05]} 58. Kc7 {[%clk 00:27:17]} {[%emt 00:00:08]} Ndb4
{[%clk 00:26:22]} {[%emt 00:00:10]} 59. Kd6 {[%clk 00:27:12]} {[%emt 00:00:09]}
Nxa2 {[%clk 00:26:11]} {[%emt 00:00:17]} 60. Kd5 {[%clk 00:26:54]} {[%emt
00:00:22]} Nc3 {[%clk 00:26:07]} {[%emt 00:00:09]} 61. Ke5 {[%clk 00:23:33]}
{[%emt 00:05:17]} a2 {[%clk 00:26:07]} {[%emt 00:00:08]} 62. Kf4 {[%clk
00:23:17]} {[%emt 00:00:20]} a1=Q {[%clk 00:26:03]} {[%emt 00:00:10]} 63. Kg3
{[%clk 00:23:10]} {[%emt 00:00:11]} Qf1 {[%clk 00:25:59]} {[%emt 00:00:10]} 64.
Kh2 {[%clk 00:23:04]} {[%emt 00:00:11]} Qf3 {[%clk 00:25:59]} {[%emt 00:00:04]}
65. Kg1 {[%clk 00:22:49]} {[%emt 00:00:20]} Ne2+ {[%clk 00:25:49]} {[%emt
00:00:16]} 66. Kh2 {[%clk 00:22:37]} {[%emt 00:00:17]} Qg3+ {[%clk 00:25:41]}
{[%emt 00:00:12]} 67. Kh1 {[%clk 00:22:33]} {[%emt 00:00:10]} Qg1# {[%clk
00:25:39]} {[%emt 00:00:06]} 0-1

[Event "DVM U10 2023"]
[Site "Magdeburg GER"]
[Date "2023.12.28"]
[Round "4"]
[White "Moskalenko, Michael"]
[Black "Fadeev, Justin Michael"]
[Result "1/2-1/2"]
[Termination "normal"]
[Board "9.1"]
[WhiteElo "1294"]
[BlackElo "1484"]
[WhiteClock "00:05:53"]
[BlackClock "00:18:13"]
[WhiteTeam "Elmshorner SC 1896"]
[BlackTeam "Barnimer SF im SV Stahl Finow"]
[PlyCount "67"]
[WhiteFideId "34608877"]
[BlackFideId "34602968"]
[EventCountry "GER"]
[EventRounds "7"]
[EventType "team-swiss"]
[EventDate "2023.12.27"]

1. d4 {[%clk 00:55:07]} {[%emt 00:00:02]} d5 {[%clk 00:55:08]} {[%emt
00:00:03]} 2. c4 {[%clk 00:55:07]} {[%emt 00:00:05]} e6 {[%clk 00:55:09]}
{[%emt 00:00:04]} 3. Nf3 {[%clk 00:55:06]} {[%emt 00:00:06]} c6 {[%clk
00:55:10]} {[%emt 00:00:04]} 4. Qc2 {[%clk 00:55:00]} {[%emt 00:00:11]} Bd6
{[%clk 00:54:41]} {[%emt 00:00:34]} 5. g3 {[%clk 00:54:52]} {[%emt 00:00:13]}
f5 {[%clk 00:53:06]} {[%emt 00:01:41]} 6. Bg2 {[%clk 00:53:30]} {[%emt
00:01:26]} Nf6 {[%clk 00:52:56]} {[%emt 00:00:15]} 7. c5 {[%clk 00:52:21]}
{[%emt 00:01:14]} Bc7 {[%clk 00:52:41]} {[%emt 00:00:20]} 8. Nc3 {[%clk
00:50:59]} {[%emt 00:01:26]} Ne4 {[%clk 00:50:54]} {[%emt 00:01:53]} 9. Bf4
{[%clk 00:46:55]} {[%emt 00:04:09]} Nd7 {[%clk 00:48:50]} {[%emt 00:02:10]} 10.
e3 {[%clk 00:45:58]} {[%emt 00:01:01]} Ndf6 {[%clk 00:47:21]} {[%emt 00:01:33]}
11. Bxc7 {[%clk 00:41:34]} {[%emt 00:04:30]} Qxc7 {[%clk 00:47:19]} {[%emt
00:00:06]} 12. Nxe4 {[%emt 00:00:18]} Nxe4 {[%clk 00:45:55]} {[%emt 00:01:26]}
13. b4 {[%clk 00:40:11]} {[%emt 00:01:18]} a5 {[%clk 00:44:30]} {[%emt
00:01:31]} 14. Qa4 {[%clk 00:37:12]} {[%emt 00:03:04]} Nc3 {[%clk 00:43:45]}
{[%emt 00:00:50]} 15. Qa3 {[%clk 00:36:54]} {[%emt 00:00:22]} Nb5 {[%clk
00:42:56]} {[%emt 00:00:54]} 16. Qa4 {[%clk 00:34:23]} {[%emt 00:02:37]} Nc3
{[%emt 00:00:38]} 17. Qa3 {[%clk 00:32:35]} {[%emt 00:01:52]} Nb5 {[%clk
00:42:03]} {[%emt 00:00:26]} 18. Qa4 {[%clk 00:32:20]} {[%emt 00:00:20]} Ra7
{[%clk 00:41:19]} {[%emt 00:00:49]} 19. O-O {[%clk 00:28:24]} {[%emt 00:04:01]}
O-O {[%clk 00:40:10]} {[%emt 00:01:14]} 20. Qb3 {[%clk 00:25:36]} {[%emt
00:02:52]} axb4 {[%clk 00:38:06]} {[%emt 00:02:09]} 21. Qxb4 {[%clk 00:25:08]}
{[%emt 00:00:33]} Bd7 {[%clk 00:37:49]} {[%emt 00:00:23]} 22. a4 {[%clk
00:23:12]} {[%emt 00:02:00]} Rfa8 {[%clk 00:37:53]} {[%emt 00:00:02]} 23. Ne5
{[%clk 00:19:35]} {[%emt 00:03:42]} Be8 {[%clk 00:37:31]} {[%emt 00:00:27]} 24.
Qb3 {[%clk 00:13:02]} {[%emt 00:06:39]} Ra5 {[%clk 00:35:46]} {[%emt 00:01:48]}
25. Ra2 {[%clk 00:12:18]} {[%emt 00:00:50]} Qb8 {[%clk 00:33:03]} {[%emt
00:02:48]} 26. Rfa1 {[%clk 00:12:07]} {[%emt 00:00:15]} Qa7 {[%clk 00:32:57]}
{[%emt 00:00:12]} 27. Bf1 {[%clk 00:10:34]} {[%emt 00:01:38]} Nc7 {[%clk
00:26:49]} {[%emt 00:06:13]} 28. Nf3 {[%clk 00:08:12]} {[%emt 00:02:25]} Bd7
{[%clk 00:25:23]} {[%emt 00:01:33]} 29. Nd2 {[%emt 00:00:29]} Qb8 {[%clk
00:23:04]} {[%emt 00:02:22]} 30. Qb4 {[%clk 00:07:34]} {[%emt 00:00:21]} Kf7
{[%clk 00:22:25]} {[%emt 00:00:44]} 31. Nb3 {[%clk 00:06:54]} {[%emt 00:00:44]}
R5a7 {[%clk 00:21:33]} {[%emt 00:00:58]} 32. a5 {[%clk 00:06:32]} {[%emt
00:00:27]} Nb5 {[%clk 00:19:30]} {[%emt 00:02:08]} 33. Nc1 {[%clk 00:05:53]}
{[%emt 00:00:44]} Nc7 {[%clk 00:18:13]} {[%emt 00:01:22]} 34. Ne2 {[%emt
00:01:42]} 1/2-1/2

[Event "DVM U10 2023"]
[Site "Magdeburg GER"]
[Date "2023.12.28"]
[Round "4"]
[White "Schmidt, Jossip"]
[Black "Nikolic, Luka"]
[Result "1-0"]
[Termination "normal"]
[Board "9.2"]
[WhiteElo "1330"]
[BlackElo "950"]
[WhiteClock "00:25:33"]
[BlackClock "00:39:40"]
[WhiteTeam "Barnimer SF im SV Stahl Finow"]
[BlackTeam "Elmshorner SC 1896"]
[PlyCount "73"]
[WhiteFideId "34621148"]
[BlackFideId "34655123"]
[EventCountry "GER"]
[EventRounds "7"]
[EventType "team-swiss"]
[EventDate "2023.12.27"]

1. d4 {[%clk 00:55:09]} d5 {[%clk 00:55:06]} {[%emt 00:00:05]} 2. Nf3 {[%clk
00:55:08]} {[%emt 00:00:05]} Nf6 {[%clk 00:55:05]} {[%emt 00:00:06]} 3. e3
{[%clk 00:54:56]} {[%emt 00:00:18]} Bf5 {[%clk 00:54:58]} {[%emt 00:00:11]} 4.
b3 {[%clk 00:54:32]} {[%emt 00:00:30]} e6 {[%clk 00:54:49]} {[%emt 00:00:14]}
5. Bb2 {[%clk 00:53:42]} {[%emt 00:00:54]} c5 {[%clk 00:54:48]} {[%emt
00:00:07]} 6. Bd3 {[%clk 00:52:49]} {[%emt 00:00:57]} Ne4 {[%clk 00:54:43]}
{[%emt 00:00:10]} 7. O-O {[%clk 00:51:57]} {[%emt 00:00:57]} Nc6 {[%clk
00:54:43]} {[%emt 00:00:06]} 8. a3 {[%clk 00:50:46]} {[%emt 00:01:16]} cxd4
{[%clk 00:54:40]} {[%emt 00:00:07]} 9. exd4 {[%clk 00:50:20]} {[%emt 00:00:31]}
Bd6 {[%clk 00:54:26]} {[%emt 00:00:19]} 10. Ne5 {[%clk 00:49:51]} {[%emt
00:00:35]} Nxe5 {[%clk 00:52:58]} {[%emt 00:01:32]} 11. dxe5 {[%clk 00:49:41]}
{[%emt 00:00:15]} Bc5 {[%clk 00:52:55]} {[%emt 00:00:09]} 12. Qe2 {[%clk
00:48:15]} {[%emt 00:01:29]} O-O {[%clk 00:51:52]} {[%emt 00:01:10]} 13. Nd2
{[%clk 00:45:43]} {[%emt 00:02:36]} Nxd2 {[%clk 00:51:40]} {[%emt 00:00:17]}
14. Qxd2 {[%clk 00:45:34]} {[%emt 00:00:15]} Bxd3 {[%clk 00:49:59]} {[%emt
00:01:45]} 15. Qxd3 {[%clk 00:45:33]} {[%emt 00:00:07]} d4 {[%clk 00:49:03]}
{[%emt 00:01:01]} 16. Rfd1 {[%clk 00:45:06]} {[%emt 00:00:31]} Qg5 {[%clk
00:48:24]} {[%emt 00:00:44]} 17. Bxd4 {[%clk 00:44:48]} {[%emt 00:00:23]} Bxd4
{[%clk 00:48:21]} {[%emt 00:00:09]} 18. Qxd4 {[%clk 00:44:39]} {[%emt
00:00:13]} Rfd8 {[%clk 00:48:14]} {[%emt 00:00:12]} 19. h4 {[%clk 00:42:38]}
{[%emt 00:02:07]} Qe7 {[%clk 00:47:55]} {[%emt 00:00:24]} 20. Qg4 {[%clk
00:42:12]} {[%emt 00:00:30]} Rxd1+ {[%clk 00:47:28]} {[%emt 00:00:32]} 21. Rxd1
{[%clk 00:40:59]} {[%emt 00:01:17]} Qxa3 {[%clk 00:47:23]} {[%emt 00:00:12]}
22. Qd4 {[%clk 00:38:36]} {[%emt 00:02:26]} h6 {[%clk 00:47:05]} {[%emt
00:00:23]} 23. Qe4 {[%clk 00:37:48]} {[%emt 00:00:52]} Qa6 {[%clk 00:46:43]}
{[%emt 00:00:29]} 24. Rd7 {[%clk 00:36:35]} {[%emt 00:01:17]} Rb8 {[%clk
00:46:25]} {[%emt 00:00:24]} 25. Qf4 {[%clk 00:35:18]} {[%emt 00:01:22]} Rf8
{[%clk 00:45:48]} {[%emt 00:00:42]} 26. Rd3 {[%clk 00:32:52]} {[%emt 00:02:31]}
Kh8 {[%clk 00:44:26]} {[%emt 00:01:27]} 27. g4 {[%clk 00:31:17]} {[%emt
00:01:41]} Qc6 {[%clk 00:43:56]} {[%emt 00:00:34]} 28. c3 {[%clk 00:29:11]}
{[%emt 00:02:11]} Qb5 {[%clk 00:43:13]} {[%emt 00:00:49]} 29. c4 {[%clk
00:28:23]} {[%emt 00:00:53]} Qe8 {[%clk 00:42:19]} {[%emt 00:00:58]} 30. g5
{[%clk 00:26:53]} {[%emt 00:01:34]} hxg5 {[%clk 00:41:41]} {[%emt 00:00:42]}
31. hxg5 {[%clk 00:26:42]} {[%emt 00:00:18]} f5 {[%clk 00:40:40]} {[%emt
00:01:05]} 32. gxf6 {[%clk 00:26:22]} {[%emt 00:00:27]} Qg6+ {[%clk 00:40:24]}
{[%emt 00:00:21]} 33. Rg3 {[%clk 00:26:08]} {[%emt 00:00:18]} Qb1+ {[%clk
00:39:45]} {[%emt 00:00:44]} 34. Kg2 {[%clk 00:25:48]} {[%emt 00:00:26]} gxf6
{[%clk 00:39:40]} {[%emt 00:00:10]} 35. Qh6+ {[%clk 00:25:41]} {[%emt
00:00:11]} Qh7 {[%emt 00:00:17]} 36. Qxf8+ {[%emt 00:00:07]} Qg8 {[%emt
00:00:14]} 37. Qxg8# {[%clk 00:25:33]} {[%emt 00:00:11]} 1-0